000 00604nam a2200205 a 4500
999 _c1453
_d1453
008 200103r2011 ii ad||g |||| 00| 0 eng d
020 _cRs. 400.00
040 _aKO
_beng
041 0 _aeng
044 _aii
082 0 4 _223
_a623.88245
_bM6919
100 1 _aMistree, K. S. D.
245 1 0 _aSafe gas tanker operations /
_cK. S. D. Mistree and B. K. Sharma
260 _aMumbai :
_bVishwanath publications ,
_c2011.
300 _a258 p. :
_bill., charts ;
_c29 cm
650 0 _aTankers
_xLoading and unloading
_xSafety measures
_vTextbooks
700 _aSharma, B. K.
_eaut
942 _cBK